000 00335nam a2200133Ia 4500
005 20260326235501.0
008 260326s9999||||xx |||||||||||||| ||und||
100 _aBosoni, Giampiero
245 0 _aItalian Design /
_cGiampiero Bosoni
260 _bMuseum of Modern Art
300 _a159 p.
650 _aDISEÑO INDUSTRIAL
942 _cBK
999 _c8073
_d8073